000 00934nac a22002531u 4500
008 131204t2007 xxua fr|||| 001 0 eng d
010 _a2006928662
020 _a9780073522623 (hard copy : alk. paper)
020 _a0073522627 (hard copy : alk. paper)
082 0 4 _a620.00420285
_bLEA
_222
100 1 _aLeach, James A.
_934533
245 1 0 _aAutocad 2007 instructor :
_ba student guide to complete coverage of autocad's commands and features /
_cJames A. Leach.
260 _aBoston, United States :
_bMcGraw-Hill Higher education,
_cc, 2007.
300 _ax1, 1472 p. ;
_bill ;
_c24 cm.
490 0 _aMcgraw-hill graphics series
_934534
500 _aIncludes appendices.
500 _aIncludes index.
500 _aIncludes Instructor`s Access Guide.
650 0 _aComputer graphics.
_934535
650 0 _aAutoCAD
_918149
653 _bCiv
_cDecember2013
655 _vreading book
_933728
942 _cBB
_k620.00420285 LEA
_2ddc
999 _c4894
_d4889